Former Yugoslav Republic of Macedonia : 2008 Article IV Consultation; Staff Report; Public Information Notice on the Executive Board Discussion; and Statement by the Executive Director for the former Yugoslav Republic of Macedonia.

The staff report for the 2008 Article IV Consultation of the Former Yugoslav Republic of Macedonia discusses economic developments and policies. The new government's economic program aims to raise growth further, but does not address these vulnerabilities. Plans to increase the central governme...

Disgrifiad llawn

Manylion Llyfryddiaeth
Awdur Corfforaethol: International Monetary Fund
Fformat: Cylchgrawn
Iaith:English
Cyhoeddwyd: Washington, D.C. : International Monetary Fund, 2009.
Cyfres:IMF Staff Country Reports; Country Report ; No. 2009/060
Mynediad Ar-lein:Full text available on IMF
LEADER 01720cas a2200241 a 4500
001 AALejournalIMF005641
008 230101c9999 xx r poo 0 0eng d
020 |c 5.00 USD 
020 |z 9781451826159 
022 |a 1934-7685 
040 |a BD-DhAAL  |c BD-DhAAL 
110 2 |a International Monetary Fund. 
245 1 0 |a Former Yugoslav Republic of Macedonia :   |b 2008 Article IV Consultation; Staff Report; Public Information Notice on the Executive Board Discussion; and Statement by the Executive Director for the former Yugoslav Republic of Macedonia. 
264 1 |a Washington, D.C. :  |b International Monetary Fund,  |c 2009. 
300 |a 1 online resource (68 pages) 
490 1 |a IMF Staff Country Reports 
500 |a <strong>Off-Campus Access:</strong> No User ID or Password Required 
500 |a <strong>On-Campus Access:</strong> No User ID or Password Required 
506 |a Electronic access restricted to authorized BRAC University faculty, staff and students 
520 3 |a The staff report for the 2008 Article IV Consultation of the Former Yugoslav Republic of Macedonia discusses economic developments and policies. The new government's economic program aims to raise growth further, but does not address these vulnerabilities. Plans to increase the central government deficit permanently to about 2 percent of GDP or perhaps even higher risk worsening external vulnerabilities. The main risk to growth and macroeconomic stability is the widening current account deficit. 
538 |a Mode of access: Internet 
830 0 |a IMF Staff Country Reports; Country Report ;  |v No. 2009/060 
856 4 0 |z Full text available on IMF  |u http://elibrary.imf.org/view/journals/002/2009/060/002.2009.issue-060-en.xml  |z IMF e-Library